000 00698nam a2200229Ia 4500
003 OSt
005 20221007071949.0
006 a|||||r|||| 00| 0
007 ta
008 221006b |||||||| |||| 00| 0 eng d
024 _a26,968
037 _cReports / Technical Reports
040 _aFLL
_cFLL
_beng
041 _2eng
_aeng
082 _aV1:5.N7, M2
100 _aRamcharan B.G. Ed.
_9689753
245 0 _aInternational law and fact-finding in the field of human rights
260 _aLondon
_bMartinus Nijhoff Publishers London
_c1982
300 _ax,1-259p
_ccm.
942 _hV1:5.N7, M2
_cREP
_2CC
999 _c1144806
_d1144806